ბათუმის შოთა რუსთაველის სახელმწიფო უნივერსიტეტის ბიბლიოთეკა

უწყვეტი სული (ბიბ.ჩანაწერი № 42710)

000 -LEADER
fixed length control field 00811nam a2200241Ia 4500
001 - CONTROL NUMBER
control field 9416
003 - CONTROL NUMBER IDENTIFIER
control field GE_BSU
008 - FIXED-LENGTH DATA ELEMENTS--GENERAL INFORMATION
fixed length control field 181216s||||||||xx |||||||||||||| ||und||
040 ## - CATALOGING SOURCE
Transcribing agency GE_BSU
080 ## - UNIVERSAL DECIMAL CLASSIFICATION NUMBER
Universal Decimal Classification number 821.353.1–1
100 ## - MAIN ENTRY--PERSONAL NAME
Personal name მიქაძე–კვერნაძე,ცისანა
245 ## - TITLE STATEMENT
Title უწყვეტი სული
245 ## - TITLE STATEMENT
Remainder of title ლექსები
245 ## - TITLE STATEMENT
Statement of responsibility, etc. რედ.ნატო სკამკოჩაიშვილი
260 ## - PUBLICATION, DISTRIBUTION, ETC.
Place of publication, distribution, etc. თბილისი
260 ## - PUBLICATION, DISTRIBUTION, ETC.
Name of publisher, distributor, etc. ინტექსი
260 ## - PUBLICATION, DISTRIBUTION, ETC.
Date of publication, distribution, etc. 1991
300 ## - PHYSICAL DESCRIPTION
Extent 32გვ.20სმ.
520 ## - SUMMARY, ETC.
Summary, etc. გარეკანზე რუსუდან ფეტვიაშვილის ნახატი
653 ## - INDEX TERM--UNCONTROLLED
Uncontrolled term ლექსები
653 ## - INDEX TERM--UNCONTROLLED
Uncontrolled term უწყვეტი სული
942 ## - ADDED ENTRY ELEMENTS (KOHA)
Koha item type წიგნი
ეგზემპლარები
Withdrawn status Lost status Damaged status Not for loan Date acquired Barcode Date last seen Price effective from Koha item type
        2018-12-17 32409 2018-12-17 2018-12-17 წიგნი
        2018-12-17 32410 2018-12-17 2018-12-17 წიგნი
        2018-12-17 32411 2018-12-17 2018-12-17 წიგნი
        2018-12-17 32412 2018-12-17 2018-12-17 წიგნი
        2018-12-17 32413 2018-12-17 2018-12-17 წიგნი
        2018-12-17 32414 2018-12-17 2018-12-17 წიგნი
        2018-12-17 32415 2018-12-17 2018-12-17 წიგნი
        2018-12-17 32416 2018-12-17 2018-12-17 წიგნი
        2018-12-17 32417 2018-12-17 2018-12-17 წიგნი
        2018-12-17 32418 2018-12-17 2018-12-17 წიგნი
        2018-12-17 32419 2018-12-17 2018-12-17 წიგნი
        2018-12-17 32420 2018-12-17 2018-12-17 წიგნი
        2018-12-17 32421 2018-12-17 2018-12-17 წიგნი
        2018-12-17 32422 2018-12-17 2018-12-17 წიგნი
        2018-12-17 32423 2018-12-17 2018-12-17 წიგნი
        2018-12-17 32424 2018-12-17 2018-12-17 წიგნი
        2018-12-17 32425 2018-12-17 2018-12-17 წიგნი
        2018-12-17 32426 2018-12-17 2018-12-17 წიგნი
        2018-12-17 32427 2018-12-17 2018-12-17 წიგნი
        2018-12-17 32428 2018-12-17 2018-12-17 წიგნი